00683nam a2200253 a 4500001001300000003000900013005001700022008004100039020000800080082001600088100002300104245002000127260003700147300000900184500003500193505001000228650001500238650001300253700002300266902000800289942000700297952011200304999001300416nice12345678IN_TiNIC20260116011337.0050524s1963 pata grp 000 0 urd  ac300a891.44bNAY aNayyar, Ali Haider aAdab-O-Mushaira aPatnabHalqa-E-Sher-O-Adabc1963 a136p aincludes index and biblioraphy2 aIndex aUrdu-Prose aMushaera1 aNayyar, Ali Haider bSRS cBK 001040708StackRoom-aHMIbHMId2007-06-01g3.00l0o891.44 NAYp03737r2007-06-01v3.00w2005-05-24yBK c692d692